Die Gabe als drittes Prinzip zwischen Markt und Staat? : (Record no. 70371)

MARC details
000 -LEADER
fixed length control field 04889nam a22008175i 4500
005 - DATE AND TIME OF LATEST TRANSACTION
control field 20230718140318.0
006 - FIXED-LENGTH DATA ELEMENTS--ADDITIONAL MATERIAL CHARACTERISTICS
fixed length control field m|||||o||d||||||||
007 - PHYSICAL DESCRIPTION FIXED FIELD--GENERAL INFORMATION
fixed length control field cr || ||||||||
008 - FIXED-LENGTH DATA ELEMENTS--GENERAL INFORMATION
fixed length control field 221201t20212021gw fo d z ger d
020 ## - INTERNATIONAL STANDARD BOOK NUMBER
International Standard Book Number 9783839456613
040 ## - CATALOGING SOURCE
Original cataloging agency DE-B1597
Language of cataloging eng
Transcribing agency DE-B1597
Description conventions rda
041 0# - LANGUAGE CODE
Language code of text/sound track or separate title ger
050 #4 - LIBRARY OF CONGRESS CALL NUMBER
Classification number GT3040
082 04 - DEWEY DECIMAL CLASSIFICATION NUMBER
Classification number 320
Assigning agency DE-101
084 ## - OTHER CLASSIFICATION NUMBER
Classification number MQ 3507
Number source rvk
100 1# - MAIN ENTRY--PERSONAL NAME
Personal name Frick, Marc,
Relator term author.
Relator code aut
-- http://id.loc.gov/vocabulary/relators/aut
245 14 - TITLE STATEMENT
Title Die Gabe als drittes Prinzip zwischen Markt und Staat? :
Remainder of title Perspektiven von Marcel Mauss bis zur Gegenwart /
Statement of responsibility, etc. Marc Frick.
264 #1 - PRODUCTION, PUBLICATION, DISTRIBUTION, MANUFACTURE, AND COPYRIGHT NOTICE
Place of production, publication, distribution, manufacture Bielefeld :
Name of producer, publisher, distributor, manufacturer transcript Verlag,
Date of production, publication, distribution, manufacture, or copyright notice [2021]
264 #4 - PRODUCTION, PUBLICATION, DISTRIBUTION, MANUFACTURE, AND COPYRIGHT NOTICE
Date of production, publication, distribution, manufacture, or copyright notice ©2021
300 ## - PHYSICAL DESCRIPTION
Extent 1 online resource (210 p.)
336 ## - CONTENT TYPE
Content type term text
Content type code txt
Source rdacontent
337 ## - MEDIA TYPE
Media type term computer
Media type code c
Source rdamedia
338 ## - CARRIER TYPE
Carrier type term online resource
Carrier type code cr
Source rdacarrier
347 ## - DIGITAL FILE CHARACTERISTICS
File type text file
Encoding format PDF
Source rda
490 0# - SERIES STATEMENT
Series statement Edition Politik ;
Volume/sequential designation 112
505 00 - FORMATTED CONTENTS NOTE
Title Frontmatter --
-- Inhalt --
-- Vorwort --
-- 1 Einleitung --
-- Teil I: Das Prinzip der Gabe bei Marcel Mauss --
-- Einleitung --
-- 2 Marcel Mauss: Leben und Wirken in Politik und Wissenschaft --
-- 3 Untersuchung des Gabentausches in archaischen Gesellschaften --
-- 4 Die Vorstellung eines guten Zusammenlebens in Die Gabe --
-- Teil II: Interpretationen und Potentiale der Gabe - von Marcel Mauss bis zur Gegenwart --
-- 5 Strukturalistisch-symbolische Interpretation der Gabe --
-- 6 Die Interpretation der M.A.U.S.S.-Bewegung --
-- 7 Die Gabe als politische Kategorie --
-- 8 Gabe und Anerkennung --
-- 9 Homo Donator und die Politik der Gabe --
-- 10 Struktur und Potentiale der Gabe --
-- Teil III: Von »archaischen« zu »modernen« Gesellschaften - die Gabe zwischen Markt und Staat --
-- 11 Die Ablösung der Gabengesellschaft --
-- 12 Die Entwicklung des Marktes nach Karl Polanyi --
-- 13 Richard M. Titmuss -- Gaben und die Grenzen des Marktes --
-- 14 Institutionalisierung der Gabe? --
-- 15 Gaben im Wohlfahrtsstaat --
-- Teil IV: Abschließende Betrachtungen --
-- 16 Die Gabe und das gute Zusammenleben --
-- 17 Die Gabe im Spannungsfeld zwischen Markt und Staat --
-- Literatur
506 0# - RESTRICTIONS ON ACCESS NOTE
Standardized terminology for access restriction unrestricted online access
Source of term star
520 ## - SUMMARY, ETC.
Summary, etc. Marcel Mauss schrieb 1923 in seinem Essay Die Gabe, er habe in den Motiven des Gabentauschs »einen der Felsen gefunden, auf denen unsere Gesellschaften ruhen«. Bis heute wirft diese These Fragen auf: Wie stiftet die Gabe Solidarität, Anerkennung und Vertrauen? Und gelingt das auch in modernen Gesellschaften noch? Aufbauend auf einer pointierten Rezeptionsgeschichte von Mauss' Essay und im Dialog mit Denkern aus Philosophie, Politik- und Wirtschaftswissenschaften kommt Marc Frick zu dem Ergebnis, dass die Gabe neben Markt und Staat eine zentrale Funktion in unserer Gesellschaft hat. Darüber hinaus erläutert er, welche politischen Konsequenzen daraus resultieren und wie Gabeninteraktionen zur Sicherung des sozialen Gefüges genutzt werden können.
536 ## - FUNDING INFORMATION NOTE
Text of note funded by transcript: Open Library 2021 (Politik)
538 ## - SYSTEM DETAILS NOTE
System details note Mode of access: Internet via World Wide Web.
540 ## - TERMS GOVERNING USE AND REPRODUCTION NOTE
Terms governing use and reproduction This eBook is made available Open Access under a CC BY 4.0 license:
Uniform Resource Identifier <a href="https://creativecommons.org/licenses/by/4.0 ">https://creativecommons.org/licenses/by/4.0 </a>
-- <a href="https://www.degruyter.com/dg/page/open-access-policy">https://www.degruyter.com/dg/page/open-access-policy</a>
546 ## - LANGUAGE NOTE
Language note In German.
588 0# - SOURCE OF DESCRIPTION NOTE
Source of description note Description based on online resource; title from PDF title page (publisher's Web site, viewed 01. Dez 2022)
650 #0 - SUBJECT ADDED ENTRY--TOPICAL TERM
Topical term or geographic name entry element Gifts.
650 #0 - SUBJECT ADDED ENTRY--TOPICAL TERM
Topical term or geographic name entry element Social interaction
General subdivision Philosophy.
650 #4 - SUBJECT ADDED ENTRY--TOPICAL TERM
Topical term or geographic name entry element Anerkennung.
650 #4 - SUBJECT ADDED ENTRY--TOPICAL TERM
Topical term or geographic name entry element Gesellschaft.
650 #4 - SUBJECT ADDED ENTRY--TOPICAL TERM
Topical term or geographic name entry element Kulturtheorie.
650 #4 - SUBJECT ADDED ENTRY--TOPICAL TERM
Topical term or geographic name entry element Marcel Mauss.
650 #4 - SUBJECT ADDED ENTRY--TOPICAL TERM
Topical term or geographic name entry element Markt.
650 #4 - SUBJECT ADDED ENTRY--TOPICAL TERM
Topical term or geographic name entry element Politik.
650 #4 - SUBJECT ADDED ENTRY--TOPICAL TERM
Topical term or geographic name entry element Politikwissenschaft.
650 #4 - SUBJECT ADDED ENTRY--TOPICAL TERM
Topical term or geographic name entry element Politische Philosophie.
650 #4 - SUBJECT ADDED ENTRY--TOPICAL TERM
Topical term or geographic name entry element Politische Soziologie.
650 #4 - SUBJECT ADDED ENTRY--TOPICAL TERM
Topical term or geographic name entry element Politische Theorie.
650 #4 - SUBJECT ADDED ENTRY--TOPICAL TERM
Topical term or geographic name entry element Solidarität.
650 #4 - SUBJECT ADDED ENTRY--TOPICAL TERM
Topical term or geographic name entry element Sozialer Zusammenhalt.
650 #4 - SUBJECT ADDED ENTRY--TOPICAL TERM
Topical term or geographic name entry element Staat.
650 #4 - SUBJECT ADDED ENTRY--TOPICAL TERM
Topical term or geographic name entry element Vertrauen.
650 #7 - SUBJECT ADDED ENTRY--TOPICAL TERM
Topical term or geographic name entry element POLITICAL SCIENCE / History & Theory.
Source of heading or term bisacsh
653 ## - INDEX TERM--UNCONTROLLED
Uncontrolled term Cultural Theory.
653 ## - INDEX TERM--UNCONTROLLED
Uncontrolled term Marcel Mauss.
653 ## - INDEX TERM--UNCONTROLLED
Uncontrolled term Market.
653 ## - INDEX TERM--UNCONTROLLED
Uncontrolled term Political Philosophy.
653 ## - INDEX TERM--UNCONTROLLED
Uncontrolled term Political Science.
653 ## - INDEX TERM--UNCONTROLLED
Uncontrolled term Political Sociology.
653 ## - INDEX TERM--UNCONTROLLED
Uncontrolled term Political Theory.
653 ## - INDEX TERM--UNCONTROLLED
Uncontrolled term Politics of Acknowledgment.
653 ## - INDEX TERM--UNCONTROLLED
Uncontrolled term Politics.
653 ## - INDEX TERM--UNCONTROLLED
Uncontrolled term Social Cohesion.
653 ## - INDEX TERM--UNCONTROLLED
Uncontrolled term Society.
653 ## - INDEX TERM--UNCONTROLLED
Uncontrolled term Solidarity.
653 ## - INDEX TERM--UNCONTROLLED
Uncontrolled term State.
653 ## - INDEX TERM--UNCONTROLLED
Uncontrolled term Trust.
710 2# - ADDED ENTRY--CORPORATE NAME
Corporate name or jurisdiction name as entry element transcript: Open Library 2021 (Politik)
Relator term funder.
Relator code fnd
-- http://id.loc.gov/vocabulary/relators/fnd
776 0# - ADDITIONAL PHYSICAL FORM ENTRY
Qualifying information print
International Standard Book Number 9783837656619
856 40 - ELECTRONIC LOCATION AND ACCESS
Uniform Resource Identifier <a href="https://doi.org/10.1515/9783839456613?locatt=mode:legacy">https://doi.org/10.1515/9783839456613?locatt=mode:legacy</a>
Public note Open Access
-- 0
856 40 - ELECTRONIC LOCATION AND ACCESS
Uniform Resource Identifier <a href="https://www.degruyter.com/isbn/9783839456613">https://www.degruyter.com/isbn/9783839456613</a>
Public note Open Access
-- 0
856 42 - ELECTRONIC LOCATION AND ACCESS
Materials specified Cover
Uniform Resource Identifier <a href="https://www.degruyter.com/document/cover/isbn/9783839456613/original">https://www.degruyter.com/document/cover/isbn/9783839456613/original</a>
942 ## - ADDED ENTRY ELEMENTS (KOHA)
Koha item type E-Book
Holdings
Withdrawn status Damaged status Not for loan Home library Current library Date acquired Total Checkouts Date last seen Price effective from Koha item type
      De Gruyter De Gruyter 12/29/2022   12/29/2022 12/29/2022 E-Book

University of Rizal System
Email us at univlibservices@urs.edu.ph

Visit our Website www.urs.edu.ph/library